| 000 | 00548nam a2200181Ia 4500 | ||
|---|---|---|---|
| 003 | GCL | ||
| 008 | 140319s9999 xx 000 0 ara d | ||
| 040 |
_aGCL / _cGCL |
||
| 082 | 0 | 4 |
_aافلام ت _b14 |
| 100 | 1 | _aسمير عوف (اخراج) | |
| 245 | 1 | 0 |
_aالقاهرة 1830 (10 دقائق) / _cسمير عوف (اخراج) |
| 700 | 1 | _aنسيم ونيس | |
| 260 |
_a[S.N] : _bالمركز القومى للسينما ، _c1969 |
||
| 490 | _a | ||
| 650 | 0 | 4 | _aشرائط فيديو |
| 650 | 0 | 4 | _aافلام تسجيلية |
| 942 |
_2ddc _cBK |
||
| 999 |
_c33746 _d33746 |
||